000 00309nam a22001337a 4500
008 171011b xxu||||| |||| 00| 0 eng d
020 _a0132288672
041 _aeng
080 _25 ED
_a316
100 _a50
101 _aSOC
245 _aTHE MEANING SOCIOLOGY A READER
_cCHARON.J.M
942 _2udc
_cBK
999 _c33211
_d33211